Sports Quiz

Random Sports or Football Quiz

Top Ten Greatest Football Teams Ever Quiz Stats

 Plays Quiz not verified by Sporcle

Score 0/10 Timer 10:00
0 Plays Today
% Correct
Manchester United
84.1%
Real Madrid
79.5%
AC Milan
52.3%
Brazil
34.1%
Spain
25%
Hungary
9.1%
Holland
4.5%
2.3%
2.3%
2.3%

You're not logged in!

Compare scores with friends on all Sporcle quizzes.
Join for Free
OR
Log In

You Might Also Like...

Show Comments

Extras

Top Quizzes Today


Score Distribution

Your Account Isn't Verified!

In order to create a playlist on Sporcle, you need to verify the email address you used during registration. Go to your Sporcle Settings to finish the process.

Report this User

Report this user for behavior that violates our Community Guidelines.

Details: